Most Futuristic Cities in the World - Statistics

General Stats
  • This quiz has been taken 42 times
  • The average score is 5 of 10
Answer Stats
Rank City % Correct
2 Tokyo
94%
6 Shanghai
92%
4 Dubai
83%
1 Hong Kong
75%
3 Singapore
67%
5 Toronto
28%
10 Seattle
22%
7 Helsinki
17%
8 Bangalore
14%
9 Brasilia
14%
No matching quizzes found
Score Distribution
Percent of People with Each Score
Percentile by Number Answered
Your Score History
You have not taken this quiz